Коллаж и полистилистика: от экспериментов авангарда в общехудожественное пространство (Запись № 10283699)

Подробности
000 -МАРКЕР
контрольное поле 01682nam0a2200349 i 4500
001 - ИДЕНТИФИКАТОР ЗАПИСИ
контрольное поле RU\NLR\BIBL_A\010830024
005 - ИДЕНТИФИКАТОР ВЕРСИИ
контрольное поле 20260406071945.0
021 ## - НОМЕР ГОСУДАРСТВЕННОЙ РЕГИСТРАЦИИ
Код страны Российская Федерация
Номер 2015-56160
Номер Листа государственной регистраци 3319
035 ## - ДРУГИЕ СИСТЕМНЫЕ НОМЕРА
Идентификатор записи (NLR Aleph) 010830024
100 ## - ДАННЫЕ ОБЩЕЙ ОБРАБОТКИ
Данные общей обработки 20150907d2015 k y0rusy50 ca
101 0# - ЯЗЫК РЕСУРСА
Язык текста, звукозаписи и т.д. русский
102 ## - СТРАНА ПУБЛИКАЦИИ ИЛИ ПРОИЗВОДСТВА
Страна публикации Российская Федерация
105 ## - ПОЛЕ КОДИРОВАННЫХ ДАННЫХ: ТЕКСТОВЫЕ МАТЕРИАЛЫ, МОНОГРАФИЧЕСКИЕ
Кодированные данные о монографическом текстовом документе y|||z|||000zy
200 1# - ЗАГЛАВИЕ И СВЕДЕНИЯ ОБ ОТВЕТСТВЕННОСТИ
Основное заглавие Коллаж и полистилистика: от экспериментов авангарда в общехудожественное пространство
Сведения, относящиеся к заглавию монография
Первые сведения об ответственности А.И. Демченко
Последующие сведения об ответственности М-во культуры Рос. Федерации, Саратов. гос. консерватория им. Л.В. Собинова
210 ## - ПУБЛИКАЦИЯ, РАСПРОСТРАНЕНИЕ И ДР.
Место издания, распространения и т.д. Саратов
Имя издателя, распространителя и т. д. ФГБОУ ВО "Саратовская государственная консерватория им. Л.В. Собинова"
Дата издания, распространения и т.д. 2015
215 ## - ФИЗИЧЕСКАЯ ХАРАКТЕРИСТИКА
Специфическое обозначение материала и объем 41, [1] с.
Размеры 21
225 1# - СЕРИЯ
Основное заглавие серии Год литературы в России, 2015
300 ## - ОБЩИЕ ПРИМЕЧАНИЯ
Текст примечания На обороте тит. л. авт.: д.иск. А.И. Демченко
606 1# - НАИМЕНОВАНИЕ ТЕМЫ КАК ПРЕДМЕТ
Наименование темы Коллаж
Системный номер авторитетной/нормативной записи 2049625
Идентификатор авторитетной/нормативной записи RU\NLR\AUTH\661229437
606 1# - НАИМЕНОВАНИЕ ТЕМЫ КАК ПРЕДМЕТ
Наименование темы Полистилистика
Тематический подзаголовок в музыке
Системный номер авторитетной/нормативной записи 2257074
Идентификатор авторитетной/нормативной записи RU\NLR\AUTH\6601583625
606 1# - НАИМЕНОВАНИЕ ТЕМЫ КАК ПРЕДМЕТ
Наименование темы Искусство
Хронологический подзаголовок 19 - 20 вв.
Системный номер авторитетной/нормативной записи 2081978
Идентификатор авторитетной/нормативной записи RU\NLR\AUTH\661257986
675 ## - УНИВЕРСАЛЬНАЯ ДЕСЯТИЧНАЯ КЛАССИФИКАЦИЯ (UDC/УДК)
Индекс 7.0
686 1# - ИНДЕКСЫ ДРУГИХ КЛАССИФИКАЦИЙ
Индекс Щ103(0)-4
686 1# - ИНДЕКСЫ ДРУГИХ КЛАССИФИКАЦИЙ
Индекс Щ313(0)-239
686 1# - ИНДЕКСЫ ДРУГИХ КЛАССИФИКАЦИЙ
Индекс Щ03(0)6
700 #1 - ИМЯ ЛИЦА - ПЕРВИЧНАЯ ОТВЕТСТВЕННОСТЬ
Материалы, к которым относится поле rus
Графика поля Кириллица
Начальный элемент ввода Демченко
Часть имени, кроме начального элемента ввода А. И.
Дополнения к именам, кроме дат искусствовед
Даты 1943-
Расширение инициалов личного имени Александр Иванович
Идентификатор авторитетной/нормативной записи RU\NLR\AUTH\7729304
Системный номер авторитетной/нормативной записи 12333
801 #0 - ИСТОЧНИК ЗАПИСИ
Страна Российская Федерация
Организация РГБ
Дата составления 20150727
Правила каталогизации RCR
942 ## - ДОПОЛНИТЕЛЬНЫЕ ЭЛЕМЕНТЫ ЗАПИСИ (АБИС)
Тип экземпляра АБИС Книга
980 ## - КОЛЛЕКЦИЯ
Название коллекции НБР

Нет доступных экземпляров.